000
00299nam a22001337a 4500
082
_a
920
_b
JAI/N
100
_a
JAIN,GAGAN
245
_a
NOBEL PRIZE WINNERS IN ECONOMICS
250
_a
FOURTH
260
_a
DELHI
_c
2010
300
_a
253
650
_a
ECONOMICS NOBEL PRIZE WINNERS
_z
DELHI
942
_c
BK
999
_c
6225
_d
6225